| 000 | 00802nam a2200217 i 4500 | ||
|---|---|---|---|
| 001 | 189000 | ||
| 003 | ES-MaACL | ||
| 005 | 20250830053607.0 | ||
| 007 | t| | ||
| 008 | 190318s1970 sp ||||1| spa d | ||
| 100 | 0 |
_aSchnackenburg, Rudolf. _9104543 |
|
| 245 | 1 | 0 |
_aExistencia cristiana según el Nuevo Testamento / _cRudolf Schnackenburg ; [versión, Salvador Castellote]. |
| 260 |
_aEstella (Navarra) : _bVerbo Divino, _c[1970] |
||
| 300 |
_a2 v. ; _c19 cm. |
||
| 490 | 1 |
_aColección "Biblia y Kerygma". Temas de Pastoral Bíblica ; _v11-12 |
|
| 650 | 0 | 7 |
_aTeología bíblica _2embne _917465 |
| 700 | 0 |
_aCastellote, Salvador. _936577 |
|
| 830 | 0 |
_aColección "Biblia y Kerygma". Temas de Pastoral Bíblica ; _v11-12 _9183845 |
|
| 852 |
_aES-MaACL _jP-565-Bis-11-12 |
||
| 999 |
_c189000 _d189000 |
||